Colleccions pre-colombines als museus de Catalunya
Guardado en:
| Autor principal: | |
|---|---|
| Formato: | Libro |
| Lenguaje: | catalán |
| Publicado: |
Barcelona
Generalitat de Catalunya
1993
|
| Materias: | |
| Etiquetas: |
Agregar Etiqueta
Sin Etiquetas, Sea el primero en etiquetar este registro!
|
MARC
| LEADER | 00000nam a2200000 a 4500 | ||
|---|---|---|---|
| 001 | UCY2583 | ||
| 003 | CL-VaPUC | ||
| 008 | 941104e19930000SP |||||||||||||||||cat|d | ||
| 082 | 0 | 4 | |a 708.67 |b SOL |2 21 |
| 100 | 0 | |a Solanilla Demestre, Victoria |e author |9 330640 | |
| 245 | 1 | 0 | |a Colleccions pre-colombines als museus de Catalunya |
| 300 | |a 117 p | ||
| 942 | |c BK | ||
| 945 | |d 19941104 00:00:00 |a mfernand | ||
| 260 | |a Barcelona |b Generalitat de Catalunya |c 1993 | ||
| 650 | 0 | |a Museos |9 269209 | |
| 651 | 0 | |a Cataluña, España |9 258701 | |
| 583 | |a last modification |c 19941104 00:00:00 |k Rodrigo Vera | ||
| 999 | |c 230950 |d 230948 | ||
| 952 | |0 0 |1 0 |4 0 |6 708_670000000000000_SOL_1993 |7 0 |8 A |9 233644 |a BIBART |b BIBART |d 2019-11-15 |i 3028275 |o 708.67 SOL 1993 |p 3028275 |r 2025-03-13 |w 2019-11-15 |y BK |k ART | ||